| 000 | 00884nam a22002177a 4500 | ||
|---|---|---|---|
| 999 |
_c2449 _d2449 |
||
| 003 | AR-CdUCM | ||
| 008 | 190304b ||||| |||| 00| 0 spa d | ||
| 020 | _a92-2-300195-1 | ||
| 040 |
_aMUNICIPALIDAD PROVINCIAL DEL CUSCO _cBIBLIOTECA MUNICIPAL DEL CUSCO |
||
| 082 |
_a378.33 / _bO3 |
||
| 110 |
_aOficina Internacional de Trabajo Ginebra _98767 |
||
| 245 |
_aLa educación obrera y sus técnicas : _bmanual de educación obrera / |
||
| 260 |
_aSuiza : _c1975. |
||
| 300 |
_a224 páginas ; _bCuadros. _c24 cm. |
||
| 505 | _aContenido: La razón de ser de la educación obrera -- El campo de la educación obrera -- El contenido de la educación obrera -- El personal docente de la educación obrera -- Los organizadores de la educación obrera ... | ||
| 650 |
_aAprendizaje _92143 |
||
| 650 |
_aAutodidaxia _98768 |
||
| 650 |
_aDebates _98769 |
||
| 942 |
_2ddc _cLIBROS |
||
| 945 | _aafb | ||